00379nam a2200145Ia 4500003000400000005001700004008004100021020001500062040000900077082002200086100001800108245005700126260004100183300000900224OSt20200708102639.0190216s9999||||xx |||||||||||||| ||und|| a0521215838 coclc a951.050924bWIL/M a Wilson, Dick 0aMao Tse-Tung In The Scales Of History /cDick Wilson bCambridge Uty Press,c1978.aLondon: a331p